00643naa a2200181 a 450000100080000000500110000800800410001910000180006024502010007826000090027965300110028865300090029965300240030865300120033270000190034470000170036377300810038010631272009-04-28 2007 bl uuuu u00u1 u #d1 aMACHADO, M.A. aInflu??ncia do fator de crescimento semelhante ?? insulina I (IGF-I) adicionado ao meio fluido sint??tico de tuba uterina (SOF) sobre a matura????o in vitro de o??citos caninos (Canis familiaris). c2007 aCadela aC??o aMatura????o nuclear aO??cito1 aTONIOLLO, G.H.1 aOLIVEIRA, K. tSemina: Ci??ncias Agr??rias, Londrinagv.28, n.3, p.455-464, jul./set. 2007.